| 000 | 00349nam a2200121 4500 | ||
|---|---|---|---|
| 999 |
_c11818 _d11818 |
||
| 003 | OSt | ||
| 005 | 20230802172156.0 | ||
| 008 | 230802b ||||| |||| 00| 0 eng d | ||
| 100 | _aL R Vagale | ||
| 245 | _aMethods for establishing targets and standards for housing and environmental development | ||
| 260 |
_aNew York _bUnited Nations |
||
| 942 | _2ddc | ||